Ճակատը / (Record no. 89608)
[ view plain ]
| 000 -LEADER | |
|---|---|
| fixed length control field | 00578nam a2200181 u 4500 |
| 001 - CONTROL NUMBER | |
| control field | 000250318 |
| 003 - CONTROL NUMBER IDENTIFIER | |
| control field | AM-YeHGA |
| 005 - DATE AND TIME OF LATEST TRANSACTION | |
| control field | 20250618071658.0 |
| 008 - FIXED-LENGTH DATA ELEMENTS--GENERAL INFORMATION | |
| fixed length control field | 030725s1935 ai r 000 0 arm d |
| 040 ## - CATALOGING SOURCE | |
| Original cataloging agency | AM-YeHGA |
| 090 ## - LOCALLY ASSIGNED LC-TYPE CALL NUMBER (OCLC); LOCAL CALL NUMBER (RLIN) | |
| -- | 90897 |
| 100 1# - MAIN ENTRY--PERSONAL NAME | |
| Personal name | Ռեյսներ, Լարիսա |
| 245 10 - TITLE STATEMENT | |
| Title | Ճակատը / |
| Statement of responsibility, etc. | Լարիսա Ռեյսներ; Թարգմ.՝ Գար. Հակոբյան. |
| 260 ## - PUBLICATION, DISTRIBUTION, ETC. | |
| Place of publication, distribution, etc. | Յերևան : |
| Name of publisher, distributor, etc. | Պետհրատ, |
| Date of publication, distribution, etc. | 1935. |
| 300 ## - PHYSICAL DESCRIPTION | |
| Extent | 125 էջ |
| Other physical details | նկ. |
| 650 14 - SUBJECT ADDED ENTRY--TOPICAL TERM | |
| Topical term or geographic name entry element | Ռուս գրականություն |
| 700 1# - ADDED ENTRY--PERSONAL NAME | |
| Personal name | Հակոբյան, Գար. |
| Relator term | թարգմ. |
| Relationship | trl |
| 9 (RLIN) | 5441 |
| Withdrawn status | Lost status | Damaged status | Not for loan | Collection | Home library | Current library | Date acquired | Total checkouts | Full call number | Barcode | Date last seen | Price effective from | Koha item type | Public note |
|---|---|---|---|---|---|---|---|---|---|---|---|---|---|---|
| General | Fundamental Scientific Library | Fundamental Scientific Library | 22/12/2016 | AII/38945 | 220038945 | 22/12/2016 | 22/12/2016 | Գրքեր / Books | 30 Days Loan | |||||
| General | Fundamental Scientific Library | Fundamental Scientific Library | 22/12/2016 | AII/38946 | 220038946 | 22/12/2016 | 22/12/2016 | Գրքեր / Books | 30 Days Loan | |||||
| General | Fundamental Scientific Library | Fundamental Scientific Library | 22/12/2016 | AII/81708 | 220081708 | 22/12/2016 | 22/12/2016 | Գրքեր / Books | 30 Days Loan |
ՀՀ Գիտությունների ազգային ակադեմիայի հիմնարար գիտական գրադարան = Fundamental Scientific Library of NAS RA
All site content, except where otherwise noted, is licensed under a